00277 a2200121 4500001000700000020001800007040003500025100003700060240002200097245001700119300001000136362000900146156827 a9788526023383 cEscola São Tomás de Aquino aQUEIRÓS, Bartolomeu Campos de 10aApontamentoslpor10aApontamentos a29 p.0 a2017